01154nam a2200193Ia 4500001001100000003001000011008004100021040002500062041001300087100001900100245003700119250001100156260009500167300001200262500026800274501011400542520026800656650003600924L200-55288IT-CnALBA170116s9999||||xx |||||||||||||| ||und|| aIT-CnALBAcIT-CnALBA aITALIANO aGIORDANI IGINO 0aIL MESSAGGIO SOCIALE DI GESÙ.  a3a ed. aMILANObVITA E PENSIERO. SOCIETÀ EDITRICEc1943 [1° Ed.:1943 - Ed.Ling.Originale: 1943] a318 p.  aAMBIENTE STORICO. L'ORDINE NUOVO. LA FAMIGLIA CRISTIANA. IL SOGGETTO SOCIALE. LA LEGGE ANTICA RINNOVATA. GIUSTIZIA. LA LEGGE NUOVA. L'AMORE. GESÙ E L'UTORITA' COSTITUITA. L'AUTORITÀ CONTRO GESÙ. IL PROBLEMA ECONOMICO. IL LAVORO. LA SANITÀ SOCIALE. CONCLUS aSocietà San Paolo EM - Piazza San Paolo, 14 - 12051 ALBA (CN) (non commercial uses only) ® Copyright 2017 aAMBIENTE STORICO. L'ORDINE NUOVO. LA FAMIGLIA CRISTIANA. IL SOGGETTO SOCIALE. LA LEGGE ANTICA RINNOVATA. GIUSTIZIA. LA LEGGE NUOVA. L'AMORE. GESÙ E L'UTORITA' COSTITUITA. L'AUTORITÀ CONTRO GESÙ. IL PROBLEMA ECONOMICO. IL LAVORO. LA SANITÀ SOCIALE. CONCLUS aRELIGIONE - RELIGIONE CRISTIANA